000
00357nam a2200169Ia 4500
003
IT-RoPAU
008
120407s9999 xx 000 0 und d
040
_a
IT-RoPAU
040
_c
IT-RoPAU
245
_a
Dizionario letterario appendice e indici
245
_c
AA.VV.
260
_a
Bompiani
300
_c
cm
490
_v
2
942
_c
BK
999
_c
1330
_d
1330